000
00222 a2200097 4500
001
32612
100
_a
Bruce, D K E
245
_a
Sixteen American President
260
_a
Paris
_b
Imprimerie Chaix
_c
090
_c
21826
_d
21826
942
_a
NUST-CAE
_c
M
_c
13143
999
_c
267685
_d
267685